Countries in the Language of the Previous Answer #1 - Statistics

General Stats
  • This quiz has been taken 13 times
  • The average score is 12 of 16
Answer Stats
Hint Answer % Correct
Francia France
100%
Türkei Turkey
100%
Kína China
92%
Indonesië Indonesia
92%
Itália Italy
92%
Jepang Japan
92%
Мексика Mexico
92%
Suecia Sweden
92%
Förenade Arabemiraten United Arab Emirates
92%
Allemagne Germany
85%
俄羅斯 Russia
62%
الهند India
46%
בְּרָזִיל Brazil
38%
イスラエル Israel
38%
नीदरलैंड Netherlands
31%
Macaristan Hungary
23%
No matching quizzes found
Score Distribution
Percent of People with Each Score
Percentile by Number Answered
Your Score History
You have not taken this quiz